| 000 | 01384nam a22003017a 4500 | ||
|---|---|---|---|
| 005 | 20180819121724.0 | ||
| 008 | 110427t xxu||||| |||| 00| 0 eng d | ||
| 010 | _aB-425624 | ||
| 020 |
_a9788172239732 _c499.00 |
||
| 035 | _aB-425624 | ||
| 035 | _aB-428200-206 | ||
| 037 | _bRBC/VEN | ||
| 037 | _bAllied/DE2010/CR/2777/16.3.11/280/4.3.11/30.3.11 | ||
| 040 |
_adpl _bEnglish |
||
| 082 | _a330.90511 | ||
| 100 |
_aRajan, Raghuram G _927494 |
||
| 245 |
_aFault lines : _bhow hidden fractures still threaten the world economy / _cby Raghuram G. Rajan. |
||
| 260 |
_aNoida _bCollins Business(An imprint of Harper Collins Publishers) _c2010 |
||
| 270 |
_aA-53, Sector 57, Noida _bNoida _e201301 |
||
| 300 |
_ax, 260 p. _b _c24cm(Hb) |
||
| 500 | _aIncludes bibliographical references (p. 231-246) and index. | ||
| 546 | _aIncludes verses in Hindi. | ||
| 650 |
_aPrivate investigators |z India |v Fiction. _zIndia. _927497 |
||
| 651 |
_aIndia _xHistory _yBritish occupation, 1765-1947. _927498 |
||
| 942 |
_2ddc _cEN _h330.90511 _mRAJ |
||
| 999 |
_c51939 _d51939 |
||